Arbeitspapiere (Record no. 2830)

MARC details
000 -LEADER
fixed length control field 00507nas a22001937i 4500
001 - CONTROL NUMBER
control field 2866
003 - CONTROL NUMBER IDENTIFIER
control field OSt
005 - DATE AND TIME OF LATEST TRANSACTION
control field 20180810131416.0
007 - PHYSICAL DESCRIPTION FIXED FIELD--GENERAL INFORMATION
fixed length control field tu
008 - FIXED-LENGTH DATA ELEMENTS--GENERAL INFORMATION
fixed length control field 161220d19841999a ||||| |||| 00| 0 ger d
024 7# - OTHER STANDARD IDENTIFIER
Standard number or code 2865
Source of number or code RID
040 ## - CATALOGING SOURCE
Transcribing agency OSt
110 2# - MAIN ENTRY--CORPORATE NAME
Corporate name or jurisdiction name as entry element Österreichisches Institut für Internationale Politik
245 ## - TITLE STATEMENT
Title Arbeitspapiere
260 ## - PUBLICATION, DISTRIBUTION, ETC.
Place of publication, distribution, etc. Laxenburg :
Name of publisher, distributor, etc. Österreichisches Institut für Internationale Politik,
Date of publication, distribution, etc. 1984-1999.
300 ## - PHYSICAL DESCRIPTION
Other physical details nicht kat.
362 ## - DATES OF PUBLICATION AND/OR SEQUENTIAL DESIGNATION
Dates of publication and/or sequential designation 1.1984 - 25.1999
942 ## - ADDED ENTRY ELEMENTS (KOHA)
Koha item type Periodical
Holdings
Withdrawn status Lost status Damaged status Not for loan Home library Current library Shelving location Date acquired Inventory number Total Checkouts Barcode Date last seen Price effective from Koha item type
        WIIW WIIW Corridor 03/01/1996 2866   302864 01/26/2017 01/26/2017 Periodical
The Vienna Instiute for International Economic Studies (wiiw)